00431nam a22001577a 4500003000500000005001700005008004100022020001800063040000600081082001800087100003100105245006400136260002000200300000900220650004400229CEME20210628202335.0210302b xxu||||| |||| 00| 0 eng d a0-8031-1406-0 c. a621.11223 COR aSheldon, W Baboian, Robert aCorrosion testing and evaluation, silver anniversary volume aUSAbASTMc1990 a445P aCORROSION AND ANTICORROSIVES-CONGRESSES